Loading...
| Science - Chemistry | 2 | 1 | 0 | 1 | 40 | 54 | 74.00 | 0 | 3 |
| Visual Arts | 0 | 3 | 0 | 2 | 30 | 97 | 107.67 | 0 | 1 |
| Literature - American Literature | 0 | 3 | 0 | 0 | 30 | 62 | 100.33 | 0 | 3 |
| Philosophy | 0 | 3 | 0 | 1 | 30 | 102 | 108.67 | 0 | 3 |
| Social Science | 0 | 3 | 0 | 1 | 30 | 91 | 100.33 | 0 | 3 |
| Science - Biology | 0 | 3 | 1 | 2 | 25 | 118 | 121.67 | 0 | 2 |
| Science - Other Science | 0 | 2 | 0 | 1 | 20 | 87 | 109.00 | 0 | 2 |
| Literature - British Literature | 1 | 1 | 1 | 0 | 20 | 54 | 67.50 | 1 | 2 |
| Auditory Arts | 0 | 2 | 0 | 1 | 20 | 101 | 118.00 | 0 | 1 |
| Beliefs | 0 | 2 | 1 | 1 | 15 | 86 | 107.50 | 1 | 2 |
| Literature - European Literature | 0 | 2 | 2 | 1 | 10 | 72 | 102.50 | 0 | 0 |
| Literature - World Literature | 0 | 1 | 0 | 0 | 10 | 114 | 114.00 | 0 | 1 |
| Science - Physics | 0 | 2 | 3 | 0 | 5 | 99 | 112.00 | 0 | 1 |
| Fine Arts - Other Arts | 0 | 0 | 1 | 0 | -5 | 0.00 | 0 | 0 |